[Event "Berliner Einzelmeisterschaft 2002"]
[Site "Berlin"]
[Date "2022.04.20"]
[Round "6.2"]
[White "Florstedt, Johannes"]
[Black "Hesse, Henrik"]
[Result "1-0"]
[WhiteElo "2316"]
[BlackElo "2191"]
[Annotator "TheRocket"]
[PlyCount "107"]
[EventDate "2022.??.??"]
[EventCountry "GER"]
[SourceTitle "SV Mattnetz Berlin e.V."]
[SourceDate "2022.04.23"]
[SourceVersion "1"]
[SourceVersionDate "2022.04.23"]
[SourceQuality "1"]

{[%evp 0,53,28,25,51,51,64,32,20,1,72,72,51,55,45,23,64,70,70,48,61,33,47,45,
45,33,37,31,51,62,68,71,81,7,42,28,29,49,52,69,56,64,66,66,63,74,100,100,61,71,
86,10,39,16,85,80]} 1. e4 {[%emt 0:03:17]} c5 {[%emt 0:00:28]} 2. Nf3 {[%emt 0:
00:07]} e6 {[%emt 0:00:26]} 3. g3 {[%emt 0:00:07]} Nc6 {[%emt 0:01:00]} 4. Bg2
{[%emt 0:00:25]} Qc7 {[%emt 0:02:17]} 5. O-O {[%emt 0:01:04]} Nf6 {[%emt 0:00:
15]} 6. Re1 {[%emt 0:00:11]} e5 {[%emt 0:14:06]} (6... d6 $11) 7. c3 {[%emt 0:
02:20]} Be7 {[%emt 0:01:15]} 8. d4 {[%emt 0:02:44]} d6 {[%emt 0:00:22]} 9. h3 {
[%emt 0:07:15]} O-O {[%emt 0:04:38]} 10. Na3 {[%emt 0:00:06]} a6 {[%emt 0:02:
57]} 11. Nc2 {[%emt 0:03:24]} b5 {[%emt 0:09:13]} 12. a4 {[%emt 0:09:04]} (12.
Ne3 $14) 12... Bd7 {[%emt 0:13:14] [#]} (12... Bb7 $14) 13. dxc5 $1 {[%emt 0:
06:42]} dxc5 {[%emt 0:00:11]} 14. Ne3 {[%emt 0:00:26]} Na5 {[%emt 0:07:31]} 15.
axb5 {[%emt 0:03:58]} axb5 {[%emt 0:01:12] [#]} 16. Nd5 {[%emt 0:09:33]} (16.
Nxe5 $1 $16 Qxe5 17. Nd5) 16... Nxd5 {[%emt 0:00:24]} 17. exd5 {[%emt 0:06:03]}
Bd6 {[%emt 0:01:31]} 18. Ng5 {[%emt 0:01:24]} h6 {[%emt 0:11:54]} 19. Ne4 {
[%emt 0:00:11]} f5 {[%emt 0:00:15]} 20. Nxd6 {[%emt 0:00:10]} Qxd6 {[%emt 0:00:
04]} 21. b3 {[%emt 0:03:25]} Nb7 {[%emt 0:06:09]} 22. Bb2 {[%emt 0:04:22]} c4 {
[%emt 0:13:20]} 23. bxc4 {[%emt 0:03:52]} bxc4 {[%emt 0:00:01]} 24. Qe2 {
[%emt 0:32:20]} Bb5 {[%emt 0:01:13]} 25. Rxa8 {[%emt 0:00:00]} Rxa8 {[%emt 0:
00:04]} 26. Qxe5 {[%emt 0:00:00]} Qxe5 {[%emt 0:08:20]} 27. Rxe5 {[%emt 0:00:
00]} Ra2 {[%emt 0:00:43]} 28. Bc1 {[%emt 0:00:00]} Ra1 {[%emt 0:00:43]} 29. Re1
{[%emt 0:00:00]} Nc5 {[%emt 0:00:31]} 30. Bd2 {[%emt 0:00:00]} Rxe1+ {[%emt 0:
00:29]} 31. Bxe1 {[%emt 0:00:00]} Kf7 {[%emt 0:00:21]} 32. f4 {[%emt 0:00:00]}
Ba6 {[%emt 0:00:37]} 33. Kf2 {[%emt 0:00:00]} Nd3+ {[%emt 0:00:38]} 34. Ke2 {
[%emt 0:00:00]} Bb7 {[%emt 0:00:33]} 35. Bf2 {[%emt 0:00:00]} Ke7 {[%emt 0:00:
31]} 36. Bd4 $2 {[%emt 0:00:00]} (36. d6+ Kxd6 37. Bxb7) 36... g6 $18 {[%emt 0:
00:11]} (36... Kf7 37. Bh1 g6) 37. Be5 $2 {[%emt 0:00:00]} (37. d6+ Kxd6 38.
Bxb7) 37... Kd7 {[%emt 0:00:33]} 38. Ke3 {[%emt 0:00:00]} Ne1 {[%emt 0:00:25]}
39. Bh1 {[%emt 0:00:00]} Nc2+ {[%emt 0:00:06]} 40. Kd2 {[%emt 0:00:00]} Na3 {
[%emt 0:00:10]} 41. g4 {[%emt 0:21:43]} Nb5 {[%emt 0:16:43]} 42. Ke3 {[%emt 0:
00:00]} Ba8 {[%emt 0:00:25]} 43. Bf3 {[%emt 0:00:00]} Bb7 {[%emt 0:00:16]} 44.
h4 {[%emt 0:00:00]} Ke8 {[%emt 0:08:24]} 45. h5 {[%emt 0:00:00]} gxh5 {[%emt 0:
02:01]} 46. gxf5 {[%emt 0:00:00]} h4 {[%emt 0:00:45]} 47. Kf2 {[%emt 0:00:00]}
Kd7 {[%emt 0:05:38]} 48. f6 {[%emt 0:00:00]} Ke8 {[%emt 0:00:30]} 49. Kg2 {
[%emt 0:00:00]} Bc8 {[%emt 0:00:25]} 50. Be2 {[%emt 0:00:00]} h3+ {[%emt 0:00:
25]} 51. Kh2 {[%emt 0:00:00]} Na3 {[%emt 0:01:00]} 52. Bh5+ {[%emt 0:00:00]}
Kd7 {[%emt 0:00:07]} 53. f7 {[%emt 0:00:00]} Ke7 {[%emt 0:00:03]} 54. Bg7 {
[%emt 0:23:17]} 1-0

[Event "Berliner Einzelmeisterschaft 2002"]
[Site "Berlin"]
[Date "2022.04.20"]
[Round "6.3"]
[White "Stern, Rene"]
[Black "Glek, Igor"]
[Result "1-0"]
[WhiteElo "2510"]
[BlackElo "2476"]
[Annotator "TheRocket"]
[PlyCount "95"]
[EventDate "2022.??.??"]
[EventCountry "GER"]
[SourceTitle "SV Mattnetz Berlin e.V."]
[SourceDate "2022.04.23"]
[SourceVersion "1"]
[SourceVersionDate "2022.04.23"]
[SourceQuality "1"]

{[%evp 0,55,27,27,30,-14,47,19,37,18,45,50,31,33,34,19,61,34,28,32,32,37,50,29,
45,38,43,30,37,12,4,1,6,4,4,-10,47,46,46,68,98,92,97,101,94,101,94,78,72,85,83,
88,81,84,102,97,120,91]} 1. Nf3 {[%emt 0:00:02]} Nf6 {[%emt 0:10:29]} 2. c4 {
[%emt 0:00:12]} g6 {[%emt 0:00:51]} 3. Nc3 {[%emt 0:00:08]} Bg7 {[%emt 0:00:06]
} 4. e4 {[%emt 0:00:06]} d6 {[%emt 0:00:05]} 5. d4 {[%emt 0:00:06]} O-O {
[%emt 0:00:16]} 6. Be2 {[%emt 0:00:07]} c5 {[%emt 0:01:27]} 7. O-O {[%emt 0:00:
58]} Re8 {[%emt 0:02:28]} 8. h3 {[%emt 0:07:18] 8.h3 was played by the boomers.
} cxd4 {[%emt 0:00:37]} 9. Nxd4 {[%emt 0:00:06]} Nc6 {[%emt 0:00:04]} 10. Be3
$1 {[%emt 0:06:52]} Bd7 {[%emt 0:03:10]} 11. Nc2 {[%emt 0:03:37]} b6 {[%emt 0:
08:12] [#]} 12. f4 $146 {[%emt 0:13:27]} ({Predecessor:} 12. Qd2 Bc8 13. f4 Bb7
14. Bf3 Rc8 15. Rac1 Qc7 16. Rfd1 Qb8 17. b3 Ba8 18. Na3 Rcd8 19. Nd5 Nd7 20.
Nb5 Bb7 21. Qf2 h5 22. Qg3 Kh7 {½-½ (22) Ugrenovic,B (2194)-Pavlovic,M (2482)
Kragujevac 2015}) 12... Bc8 {[%emt 0:01:21]} 13. Bf3 {[%emt 0:35:25]} Bb7 {
[%emt 0:00:14]} 14. Rc1 {[%emt 0:05:56]} ({Don't play} 14. e5 $6 dxe5 15. fxe5
Nd7 $11) 14... Nd7 {[%emt 0:02:57]} 15. Qd2 {[%emt 0:00:27]} a5 {[%emt 0:01:27]
} 16. b3 {[%emt 0:01:07]} Nc5 {[%emt 0:00:22] [#]} 17. Rcd1 $1 {[%emt 0:05:56]}
Na7 {[%emt 0:21:33]} 18. Nd4 {[%emt 0:04:40]} e5 {[%emt 0:01:44]} 19. Ndb5 {
[%emt 0:04:43]} Nxb5 {[%emt 0:00:50]} 20. Nxb5 {[%emt 0:00:06]} exf4 {[%emt 0:
01:40]} 21. Bxf4 {[%emt 0:00:53]} Nxe4 {[%emt 0:20:48]} 22. Bxe4 {[%emt 0:00:
18]} Rxe4 {[%emt 0:00:18]} 23. Nxd6 {[%emt 0:05:01]} Rd4 {[%emt 0:00:07]} 24.
Qf2 {[%emt 0:00:06]} ({Of course not} 24. Nxb7 Qd7 25. Qc2 Qxb7 $11) 24... Rxd1
{[%emt 0:00:17]} 25. Rxd1 {[%emt 0:00:04]} Bc6 {[%emt 0:10:52]} 26. Be3 {
[%emt 0:00:06]} Qd7 {[%emt 0:00:21]} 27. Bxb6 {[%emt 0:00:08]} Be5 {[%emt 0:03:
00]} 28. Qd2 {[%emt 0:02:12]} ({Better is} 28. c5 $16) 28... Ra6 {[%emt 0:00:
45] [#]} (28... Qe6 $11 {keeps the balance.}) 29. Bc5 {[%emt 0:01:12]} (29. c5
$1 $18) 29... Ba8 {[%emt 0:01:30]} 30. Nb5 {[%emt 0:00:52]} Qe8 {[%emt 0:01:46]
} 31. Qd8 {[%emt 0:00:12]} Re6 {[%emt 0:00:04]} (31... Qxd8 $142 32. Rxd8+ Kg7)
32. Bb6 {[%emt 0:01:13]} a4 {[%emt 0:01:35]} 33. Nc7 {[%emt 0:00:43]} Bxc7 {
[%emt 0:00:44]} 34. Bxc7 {[%emt 0:00:05]} axb3 {[%emt 0:00:50]} 35. axb3 {
[%emt 0:00:04]} Re2 {[%emt 0:00:40]} 36. Qxe8+ {[%emt 0:00:08]} Rxe8 {[%emt 0:
00:01]} 37. Kf2 {[%emt 0:00:18]} Kg7 {[%emt 0:00:06]} 38. b4 {[%emt 0:02:56]}
Be4 {[%emt 0:02:07]} (38... Re4 $142) 39. b5 {[%emt 0:00:21]} Ra8 {[%emt 0:01:
39]} 40. Be5+ {[%emt 0:00:30]} f6 {[%emt 0:00:35]} 41. Rd7+ {[%emt 0:30:38]}
Kh6 {[%emt 0:30:01]} 42. Bxf6 {[%emt 0:00:00]} Ra2+ {[%emt 0:00:00]} 43. Ke3 {
[%emt 0:00:00]} Bxg2 {[%emt 0:00:00]} 44. h4 {[%emt 0:00:00]} Bf1 {[%emt 0:00:
00]} (44... Kh5 $142 45. Rxh7+ Kg4) 45. Bg5+ $2 {[%emt 0:00:00]} (45. b6 Bg2
46. b7 Bxb7 47. Bg5+ Kh5 48. Rxh7+ Kg4 49. Rxb7) 45... Kh5 {[%emt 0:00:00]} 46.
Rxh7+ {[%emt 0:00:00]} (46. Kf4 $142 h6 47. Rh7 Rf2+ 48. Kg3 Rg2+ 49. Kf3 Rxg5
50. hxg5 Kxg5 51. Rc7) 46... Kg4 {[%emt 0:00:00]} 47. Rf7 {[%emt 0:00:00]} Bg2
{[%emt 0:00:00]} 48. Rf2 $18 {[%emt 0:00:00]} 1-0

[Event "Berliner Einzelmeisterschaft 2002"]
[Site "Berlin"]
[Date "2022.04.20"]
[Round "6.4"]
[White "Rietze, Clemens"]
[Black "Piz, Maxim"]
[Result "0-1"]
[WhiteElo "2279"]
[BlackElo "2143"]
[Annotator "TheRocket"]
[PlyCount "90"]
[EventDate "2022.??.??"]
[EventCountry "GER"]
[SourceTitle "SV Mattnetz Berlin e.V."]
[SourceDate "2022.04.23"]
[SourceVersion "1"]
[SourceVersionDate "2022.04.23"]
[SourceQuality "1"]

{[%evp 0,77,30,28,26,-17,30,26,16,44,44,40,45,21,58,40,45,37,35,27,37,23,30,23,
22,28,33,10,43,49,49,-4,0,-8,20,-4,33,8,10,-3,5,21,35,-20,-11,0,7,-6,48,46,75,
81,85,83,87,86,91,85,92,66,75,48,57,45,38,38,42,26,25,-45,-49,-49,-49,0,0,0,0,
0,0,-132]} 1. d4 {[%emt 0:00:03]} d5 {[%emt 0:00:04]} 2. c4 {[%emt 0:00:05]} c6
{[%emt 0:00:05]} 3. Nf3 {[%emt 0:00:05]} Nf6 {[%emt 0:00:09]} 4. Nc3 {[%emt 0:
00:07]} e6 {[%emt 0:00:12]} 5. e3 {[%emt 0:00:08]} Nbd7 {[%emt 0:00:11]} 6. Qc2
{[%emt 0:00:13]} a6 {[%emt 0:00:46]} 7. b3 {[%emt 0:01:31]} b5 {[%emt 0:00:26]}
8. Be2 {[%emt 0:00:13] is the legacy move (8.Bd3).} Be7 {[%emt 0:00:16]} 9. O-O
{[%emt 0:00:11]} O-O {[%emt 0:00:16]} 10. Bb2 {[%emt 0:01:11]} Bb7 {[%emt 0:02:
06]} 11. Rfd1 {[%emt 0:08:52]} b4 {[%emt 0:03:29]} 12. Na4 {[%emt 0:00:20] [#]}
a5 $146 {[%emt 0:00:16]} ({Predecessor:} 12... Qb8 13. Ne5 Nxe5 14. dxe5 Nd7
15. f4 a5 16. Kh1 Qa7 17. Bd3 g6 18. cxd5 cxd5 {0-1 (39) Vallejo Pons,F (2494)
-Mantovani,R (2377) Saint Vincent 1999}) 13. a3 {[%emt 0:15:30]} Qb8 {[%emt 0:
03:14]} 14. axb4 {[%emt 0:06:40]} axb4 {[%emt 0:00:12]} 15. Ne1 {[%emt 0:06:31]
} Ba6 {[%emt 0:02:12]} 16. c5 {[%emt 0:08:59]} ({White should try} 16. Nd3 $16)
16... Bxe2 {[%emt 0:10:52]} 17. Qxe2 {[%emt 0:01:22]} Qb7 {[%emt 0:08:38]} 18.
Ra2 {[%emt 0:01:46]} Rfb8 {[%emt 0:00:27]} 19. Rda1 {[%emt 0:00:12]} h6 {
[%emt 0:00:50]} 20. Nd3 {[%emt 0:01:02]} Qb5 {[%emt 0:10:24]} 21. Kf1 {[%emt 0:
06:38]} Qb7 {[%emt 0:01:08]} 22. f3 {[%emt 0:01:40]} Ne8 {[%emt 0:02:36]} 23.
Bc1 {[%emt 0:03:29]} Bd8 {[%emt 0:03:17]} 24. Bd2 {[%emt 0:00:26]} Ba5 {
[%emt 0:00:51]} 25. Nab2 {[%emt 0:02:38]} Bc7 {[%emt 0:00:14]} 26. g3 {[%emt 0:
04:09]} Rxa2 {[%emt 0:03:19]} 27. Rxa2 {[%emt 0:00:02]} Ra8 {[%emt 0:00:09]}
28. Rxa8 {[%emt 0:06:19]} Qxa8 {[%emt 0:00:01]} 29. Na4 {[%emt 0:00:02]} e5 {
[%emt 0:01:49]} 30. Nxb4 {[%emt 0:04:42]} Ba5 $14 {[%emt 0:00:50]} 31. Nc2 {
[%emt 0:00:45]} Bxd2 {[%emt 0:00:08]} 32. Qxd2 {[%emt 0:00:02]} Qb7 {[%emt 0:
00:31]} 33. Qd3 {[%emt 0:00:43]} Nef6 {[%emt 0:02:54]} 34. Nb6 {[%emt 0:08:35]}
(34. b4 $14 {is more appropriate.}) 34... e4 {[%emt 0:02:56]} 35. fxe4 {
[%emt 0:00:02]} dxe4 {[%emt 0:00:23]} 36. Qc4 {[%emt 0:00:53]} Nxb6 {[%emt 0:
00:08]} 37. cxb6 {[%emt 0:00:01]} Qxb6 {[%emt 0:00:14]} 38. Nb4 {[%emt 0:04:25]
} Qa5 {[%emt 0:02:47]} 39. Ke2 {[%emt 0:06:14]} Qh5+ {[%emt 0:01:10]} 40. Kd2 {
[%emt 0:00:44]} Qxh2+ {[%emt 0:00:15]} 41. Qe2 {[%emt 0:06:24]} Qxg3 {[%emt 0:
00:20]} 42. Nxc6 {[%emt 0:00:05]} Qd6 {[%emt 0:03:11]} 43. Ne5 {[%emt 0:01:34]}
Qb4+ {[%emt 0:01:03]} 44. Kc2 {[%emt 0:00:03]} Nd5 {[%emt 0:00:41]} 45. Qd2 {
[%emt 0:00:10]} Qa3 {[%emt 0:02:05]} 0-1

[Event "Berliner Einzelmeisterschaft 2002"]
[Site "Berlin"]
[Date "2022.04.20"]
[Round "6.5"]
[White "Nogly, Christoph"]
[Black "Meyer-Dunker, Paul"]
[Result "1-0"]
[WhiteElo "2245"]
[BlackElo "2082"]
[Annotator "TheRocket"]
[PlyCount "101"]
[EventDate "2022.??.??"]
[EventCountry "GER"]
[SourceTitle "SV Mattnetz Berlin e.V."]
[SourceDate "2022.04.23"]
[SourceVersion "1"]
[SourceVersionDate "2022.04.23"]
[SourceQuality "1"]

{[%evp 0,52,28,26,27,27,27,-3,28,20,41,26,38,35,52,34,38,42,35,19,67,32,29,16,
40,2,11,11,12,12,10,12,11,0,0,5,17,10,16,0,14,51,69,37,152,137,134,134,209,265,
218,204,204,212,284]} 1. d4 {[%emt 0:16:54]} d5 {[%emt 0:03:07]} 2. Nf3 {
[%emt 0:00:02]} Nf6 {[%emt 0:00:03]} 3. c4 {[%emt 0:00:06]} dxc4 {[%emt 0:00:
00]} 4. e3 {[%emt 0:00:09]} e6 {[%emt 0:00:04]} 5. Bxc4 {[%emt 0:00:05]} a6 {
[%emt 0:00:00]} 6. O-O {[%emt 0:00:09]} c5 {[%emt 0:00:01]} 7. Be2 {[%emt 0:00:
07]} Nbd7 {[%emt 0:00:00]} 8. b3 {[%emt 0:00:14]} b6 {[%emt 0:00:03]} 9. Ne5 {
[%emt 0:00:22]} Nxe5 {[%emt 0:00:08]} 10. dxe5 {[%emt 0:00:05]} Nd5 {[%emt 0:
00:02]} 11. Bb2 {[%emt 0:00:33]} Be7 {[%emt 0:00:44]} 12. a3 {[%emt 0:06:34]}
O-O {[%emt 0:05:40]} 13. Qc2 {[%emt 0:00:54]} Qc7 {[%emt 0:03:12]} 14. Nd2 {
[%emt 0:01:33]} Bb7 {[%emt 0:01:00]} 15. Rac1 {[%emt 0:01:38]} Rac8 {[%emt 0:
05:52]} 16. Bd3 {[%emt 0:15:34]} h6 {[%emt 0:01:52]} 17. Ne4 {[%emt 0:00:11]}
Rfd8 {[%emt 0:27:55]} 18. Qe2 {[%emt 0:02:23]} Qc6 {[%emt 0:01:13]} 19. f4 {
[%emt 0:16:56]} ({Weaker is} 19. Bxa6 Bxa6 20. Qxa6 {[#]} Nxe3 $1 21. fxe3 Qxe4
$17) (19. Bb1 $14 {is more appropriate.}) 19... Bf8 {[%emt 0:03:33]} 20. Rf3 {
[%emt 0:06:30]} Kh8 {[%emt 0:06:08]} 21. Bb1 {[%emt 0:03:50]} Rc7 {[%emt 0:06:
55]} 22. Qc2 {[%emt 0:10:49]} g6 {[%emt 0:01:47]} 23. Nd6 {[%emt 0:00:05]} Ba8
{[%emt 0:01:49]} 24. e4 {[%emt 0:03:39]} Nf6 {[%emt 0:08:48]} 25. Nxf7+ {
[%emt 0:00:23]} Rxf7 {[%emt 0:01:12]} 26. exf6 {[%emt 0:00:02]} Rfd7 {[%emt 0:
01:01]} 27. f7+ {[%emt 0:04:33]} Bg7 {[%emt 0:00:07]} 28. Bxg7+ {[%emt 0:00:02]
} Kxg7 {[%emt 0:00:10]} 29. e5 {[%emt 0:00:06]} Rd2 {[%emt 0:00:29]} 30. Qxg6+
{[%emt 0:00:08]} Kf8 {[%emt 0:00:03]} 31. Qxh6+ {[%emt 0:00:42]} Ke7 {[%emt 0:
00:28]} 32. Qf6+ {[%emt 0:03:33]} Kf8 {[%emt 0:00:28]} 33. Qh8+ {[%emt 0:00:10]
} Ke7 {[%emt 0:00:01]} 34. Qf6+ {[%emt 0:00:12]} Kf8 {[%emt 0:00:02]} 35. Qh6+
{[%emt 0:00:07]} Ke7 {[%emt 0:00:40]} 36. Qg5+ {[%emt 0:00:03]} Kf8 {[%emt 0:
00:20]} 37. Rcf1 {[%emt 0:00:19]} Qd5 {[%emt 0:05:27]} 38. Bg6 {[%emt 0:02:18]}
Qd4+ {[%emt 0:05:31]} 39. Kh1 {[%emt 0:03:58]} Bxf3 {[%emt 0:01:55]} 40. Qh6+ {
[%emt 0:00:15]} Ke7 {[%emt 0:00:01]} 41. f8=Q+ {[%emt 0:30:16]} Rxf8 {[%emt 0:
30:38]} 42. Qg7+ {[%emt 0:00:04]} Kd8 {[%emt 0:01:32]} 43. Qxf8+ {[%emt 0:00:
07]} Kd7 {[%emt 0:01:51]} 44. gxf3 {[%emt 0:00:00]} Qb2 {[%emt 0:00:00]} 45.
Qg7+ {[%emt 0:00:00]} Kc8 {[%emt 0:00:00]} 46. Qh8+ {[%emt 0:00:00]} Rd8 {
[%emt 0:00:00]} 47. Qh3 {[%emt 0:00:00]} Qxb3 {[%emt 0:00:00]} 48. f5 {[%emt 0:
00:00]} exf5 $18 {[%emt 0:00:00]} 49. Qxf5+ {[%emt 0:00:00]} Kc7 {[%emt 0:00:
00]} 50. Qf7+ {[%emt 0:00:00]} Rd7 {[%emt 0:00:00]} 51. Qxb3 {[%emt 0:00:00]}
1-0

[Event "Berliner Einzelmeisterschaft 2002"]
[Site "Berlin"]
[Date "2022.04.20"]
[Round "6.6"]
[White "Ermitsch, Magnus"]
[Black "Noetzel, Felix"]
[Result "1-0"]
[WhiteElo "2127"]
[BlackElo "2215"]
[Annotator "TheRocket"]
[PlyCount "73"]
[EventDate "2022.??.??"]
[EventCountry "GER"]
[SourceTitle "SV Mattnetz Berlin e.V."]
[SourceDate "2022.04.23"]
[SourceVersion "1"]
[SourceVersionDate "2022.04.23"]
[SourceQuality "1"]

{[%evp 0,47,26,38,51,37,45,10,10,12,64,19,30,19,24,24,14,14,21,3,8,11,5,-2,28,
26,35,27,33,10,33,16,23,42,26,33,87,71,71,78,121,153,131,122,106,106,135,114,
122,114]} 1. e4 {[%emt 0:00:18]} c5 {[%emt 0:00:05]} 2. Nf3 {[%emt 1:31:12]}
Nc6 {[%emt 0:00:18]} 3. d4 {[%emt 0:00:00]} cxd4 {[%emt 0:00:06]} 4. Nxd4 {
[%emt 0:00:00]} g6 {[%emt 0:00:05]} 5. c4 {[%emt 0:00:00]} d6 {[%emt 0:00:12]}
6. Nc3 {[%emt 0:00:00]} Nf6 {[%emt 0:00:06]} 7. Be2 {[%emt 0:00:00]} Nxd4 {
[%emt 0:00:08]} 8. Qxd4 {[%emt 0:00:00]} Bg7 {[%emt 0:00:06]} 9. O-O {[%emt 0:
00:00]} O-O {[%emt 0:00:58]} 10. Qd3 {[%emt 0:00:00]} Be6 {[%emt 0:04:56]} 11.
Be3 {[%emt 0:00:00]} Rc8 {[%emt 0:06:06]} 12. b3 {[%emt 0:00:00]} Nd7 {[%emt 0:
04:28]} 13. Rac1 {[%emt 0:00:00]} Nc5 {[%emt 0:10:07]} 14. Qc2 {[%emt 0:00:00]}
a5 {[%emt 0:08:42]} 15. h3 {[%emt 0:00:00]} f5 {[%emt 0:10:58]} (15... Bd7 $14
{feels stronger.}) 16. exf5 {[%emt 0:00:00]} Bxf5 {[%emt 0:08:51]} 17. Qd2 {
[%emt 0:00:00]} Ne4 {[%emt 0:11:50]} 18. Nxe4 {[%emt 0:00:00]} Bxe4 {[%emt 0:
00:01]} 19. Bg4 {[%emt 0:00:00]} Ra8 {[%emt 0:06:28]} 20. Rfe1 {[%emt 0:00:00]}
Bc6 {[%emt 0:02:41]} 21. Bg5 {[%emt 0:00:00]} Bf6 {[%emt 0:00:32]} 22. Bh6 {
[%emt 0:00:00]} Bg7 {[%emt 0:00:29] [#]} 23. Be6+ $1 {[%emt 0:00:00]} Kh8 $18 {
[%emt 0:00:04]} 24. Bxg7+ {[%emt 0:00:00]} Kxg7 {[%emt 0:00:08]} 25. Qd4+ {
[%emt 0:00:00]} Rf6 {[%emt 0:03:23]} 26. g4 {[%emt 0:00:00]} h6 {[%emt 0:00:30]
} 27. f4 {[%emt 0:00:00]} Kh7 {[%emt 0:03:23] [#]} 28. g5 $1 {[%emt 0:00:00]}
Rf8 {[%emt 0:01:34]} 29. f5 {[%emt 0:00:00]} hxg5 {[%emt 0:05:05]} 30. h4 {
[%emt 0:00:00]} gxf5 {[%emt 0:02:59]} 31. hxg5 {[%emt 0:00:00]} Kg6 {[%emt 0:
02:23]} 32. Rc2 {[%emt 0:00:00]} Ra6 {[%emt 0:05:30]} 33. Rf2 {[%emt 0:00:00]}
Be4 {[%emt 0:02:25]} 34. Rxe4 {[%emt 0:00:00]} fxe4 {[%emt 0:00:01]} 35. Qxe4+
{[%emt 0:00:00]} Kg7 {[%emt 0:00:41]} 36. Qh4 {[%emt 0:00:00]} Rh8 {[%emt 0:00:
53]} 37. Qd4+ {[%emt 0:00:00]} 1-0

[Event "Berliner Einzelmeisterschaft 2002"]
[Site "Berlin"]
[Date "2022.04.20"]
[Round "6.7"]
[White "Tscheuschner, Georg"]
[Black "Acikel, Mert"]
[Result "1-0"]
[WhiteElo "2112"]
[BlackElo "2177"]
[Annotator "TheRocket"]
[PlyCount "63"]
[EventDate "2022.??.??"]
[EventCountry "GER"]
[SourceTitle "SV Mattnetz Berlin e.V."]
[SourceDate "2022.04.23"]
[SourceVersion "1"]
[SourceVersionDate "2022.04.23"]
[SourceQuality "1"]

{[%evp 0,38,42,-11,5,4,-6,6,6,24,9,-10,-9,9,11,14,21,17,27,27,59,25,62,66,92,
86,101,94,128,147,139,116,305,250,376,379,418,461,464,458,464]} 1. c4 {[%emt 0:
00:02]} e6 {[%emt 0:11:06]} 2. Nf3 {[%emt 0:00:51]} d5 {[%emt 0:00:21]} 3. e3 {
[%emt 0:00:15]} Nf6 {[%emt 0:00:14]} 4. Nc3 {[%emt 0:00:23]} Be7 {[%emt 0:00:
25]} 5. b3 {[%emt 0:00:15]} O-O {[%emt 0:00:37]} 6. Bb2 {[%emt 0:00:22]} b6 {
[%emt 0:00:31]} 7. cxd5 {[%emt 0:00:15]} exd5 {[%emt 0:02:09]} 8. d4 {[%emt 0:
00:20]} Bf5 {[%emt 0:02:47]} 9. Bd3 {[%emt 0:05:51]} Ne4 {[%emt 0:16:38]} (9...
Bxd3 $11 10. Qxd3 c6) 10. Qc2 {[%emt 0:11:51]} Re8 {[%emt 0:01:26]} 11. O-O {
[%emt 0:02:01]} Bb4 {[%emt 0:08:14]} (11... Bf6 $14) 12. Ne2 {[%emt 0:16:30]}
Nd7 {[%emt 0:04:36]} 13. Ne5 {[%emt 0:01:23]} Nxe5 {[%emt 0:03:27]} 14. dxe5 {
[%emt 0:02:17]} Qg5 {[%emt 0:00:44]} 15. Nf4 {[%emt 0:05:15]} Bg4 {[%emt 0:23:
18]} 16. f3 {[%emt 0:19:05]} Bc5 {[%emt 0:01:49]} 17. Nxd5 {[%emt 0:06:47]} c6
{[%emt 0:00:12]} 18. Bxe4 {[%emt 0:04:31]} cxd5 {[%emt 0:00:22]} 19. Bxh7+ {
[%emt 0:01:20]} Kh8 {[%emt 0:00:31]} 20. fxg4 {[%emt 0:00:13]} Bxe3+ {[%emt 0:
00:27]} 21. Kh1 {[%emt 0:00:42]} Rac8 {[%emt 0:02:20]} 22. Qf5 {[%emt 0:01:28]}
Qh6 {[%emt 0:00:17]} 23. Rf3 {[%emt 0:01:08]} Qxh7 {[%emt 0:02:28]} 24. Rxe3 {
[%emt 0:01:24]} Qxf5 {[%emt 0:00:20]} 25. gxf5 {[%emt 0:00:03]} Rc2 {[%emt 0:
00:14]} 26. Ba3 {[%emt 0:00:37]} d4 {[%emt 0:00:22]} 27. Re4 {[%emt 0:07:09]}
d3 {[%emt 0:01:01]} 28. e6 {[%emt 0:02:56]} fxe6 {[%emt 0:01:02]} 29. fxe6 {
[%emt 0:00:10]} d2 {[%emt 0:17:02]} 30. Rd1 {[%emt 0:01:18]} a5 {[%emt 0:00:00]
} 31. e7 {[%emt 0:02:00]} Rxa2 {[%emt 0:00:00] [#]} 32. Rf4 $18 {[%emt 0:01:18]
} 1-0

[Event "Berliner Einzelmeisterschaft 2002"]
[Site "Berlin"]
[Date "2022.04.20"]
[Round "6.8"]
[White "Brustkern, Juergen"]
[Black "Eilenberg, Jonas"]
[Result "1/2-1/2"]
[WhiteElo "2226"]
[BlackElo "2135"]
[Annotator "TheRocket"]
[PlyCount "47"]
[EventDate "2022.??.??"]
[EventCountry "GER"]
[SourceTitle "SV Mattnetz Berlin e.V."]
[SourceDate "2022.04.23"]
[SourceVersion "1"]
[SourceVersionDate "2022.04.23"]
[SourceQuality "1"]

{[%evp 0,47,42,42,45,14,19,11,18,-10,-15,-10,-37,-28,-35,-28,-28,-46,-43,-44,
-30,-21,-21,-135,-119,-124,-97,-146,-54,-181,-144,-172,-114,-127,-116,-121,-41,
-74,-48,-47,-20,-43,-49,-77,-89,-80,-72,-64,-52,-81]} 1. e4 {[%emt 0:00:02]} c5
{[%emt 0:06:56]} 2. d3 {[%emt 0:00:39]} Nc6 {[%emt 0:00:35]} 3. f4 {[%emt 0:00:
16]} d5 {[%emt 0:01:44]} 4. e5 {[%emt 0:02:25]} Nh6 {[%emt 0:03:07]} 5. Nf3 {
[%emt 0:00:30]} Bg4 {[%emt 0:05:49]} 6. Be2 {[%emt 0:08:35]} e6 {[%emt 0:00:42]
} 7. O-O {[%emt 0:00:19]} Nf5 {[%emt 0:01:19]} 8. c3 {[%emt 0:07:19]} Be7 {
[%emt 0:09:10]} (8... h5 $15) 9. Na3 {[%emt 0:01:07]} h5 {[%emt 0:10:07]} 10.
Nc2 {[%emt 0:01:02]} Qb6 {[%emt 0:04:43]} 11. Ng5 {[%emt 0:05:57]} Bxg5 {
[%emt 0:10:08]} 12. Bxg4 {[%emt 0:00:19]} hxg4 {[%emt 0:01:03]} 13. fxg5 {
[%emt 0:00:11]} O-O-O {[%emt 0:05:14]} 14. Bf4 {[%emt 0:04:49]} (14. Ne3 $1 $15
) 14... Qxb2 {[%emt 0:09:14]} 15. Qd2 {[%emt 0:02:34]} Qb6 {[%emt 0:04:30]} 16.
Rab1 {[%emt 0:01:48]} Qc7 {[%emt 0:02:12]} 17. d4 {[%emt 0:02:50]} Rh4 $11 {
[%emt 0:02:33]} ({Black should try} 17... cxd4 $17 18. Nxd4 Ncxd4 19. cxd4 Kb8)
18. Ne3 {[%emt 0:06:00]} Nxe3 {[%emt 0:04:43]} 19. Qxe3 {[%emt 0:00:34]} g6 {
[%emt 0:01:16]} 20. Bg3 {[%emt 0:02:47]} Rh7 {[%emt 0:00:02]} 21. Qf4 {[%emt 0:
12:41]} Qa5 {[%emt 0:00:50]} 22. Rfc1 {[%emt 0:03:52]} Qa4 {[%emt 0:01:24]} 23.
Qxg4 {[%emt 0:01:36]} Kb8 {[%emt 0:01:25]} 24. h3 {[%emt 0:08:21]} 1/2-1/2